NLSUI OPAC header image

Gandhi & Civil Disobedience : The Mahatma in Indian Politics : 1928 (Record no. 120675)

MARC details
000 -LEADER
fixed length control field 00352nam a2200121Ia 4500
020 ## - INTERNATIONAL STANDARD BOOK NUMBER
International Standard Book Number 9780745304752
100 ## - MAIN ENTRY--PERSONAL NAME
Personal name Brown Judith M.
245 #0 - TITLE STATEMENT
Title Gandhi & Civil Disobedience : The Mahatma in Indian Politics : 1928
264 ## - PRODUCTION, PUBLICATION, DISTRIBUTION, MANUFACTURE, AND COPYRIGHT NOTICE
Name of producer, publisher, distributor, manufacturer Cambridge University Oress
Date of production, publication, distribution, manufacture, or copyright notice 2009
300 ## - PHYSICAL DESCRIPTION
Extent 436
942 ## - ADDED ENTRY ELEMENTS (KOHA)
Koha item type CSSEIP Office Library Collection
Holdings
Withdrawn status Lost status Damaged status Not for loan Home library Current library Shelving location Date acquired Total Checkouts Barcode Date last seen Price effective from Koha item type
      Not For Loan . . CSSEIP Office Library - Gandhian Studies 23.06.2020   G0026   23.06.2020 23.06.2020 CSSEIP Office Library Collection